000 00562nam a2200217Ia 4500
003 GCL
005 20240530110911.0
008 140319s9999 xx 000 0 ara d
017 _a1994/1788
020 _a9770243469
040 _aGCL /
_cGCL
082 0 4 _a810.9
_bط أ
100 0 _aطه حسين
245 1 2 _aالايام /
_cطه حسين
250 _aط. 10
260 _a[S.N] :
_bدار المعارف ،
_c1994
300 _a167 ص. ؛
_c20 سم
650 0 4 _aالادب العربى
650 0 4 _aالقصص العربية
942 _2ddc
_cBK
999 _c66303
_d66303